Tableau périodique des éléments : Éléments par P - Statistiques

Statistiques générales
  • Ce quiz a été pris 434 fois
  • Le résultat moyen est 7 sur 10
Statistiques - réponses
Éléments % Correct
Phosphore
90%
Plutonium
80%
Polonium
75%
Plomb
73%
Palladium
72%
Platine
70%
Potassium
70%
Praséodyme
50%
Prométhium
43%
Protactinium
43%
Aucun quiz correspondant
Distribution des résultats
% des personnes avec chaque résultat
Percentile par nombre de réponses
Votre historique - résultats
Vous n’avez pas pris ce quiz